Регионална библиотека "Любен Каравелов" - Русе

Информационни технологии VІ клас (Запис номер 333291)

MARC детайли
000 -Лидер
Контролно поле с фиксирана дължина 01547nam a2200313 a 4500
003 - Код на организацията, давaща контролен номер
Контролно поле BLK
005 - Дата и час на последна редакция
Контролно поле 20240913124914.0
008 - Елементи от данни с фиксирана дължина
fixed length control field 190729b bu |||||r|||| 00| 0 bu d
020 ## - Международен стандартен номер на книга ISBN
Международен стандартен номер на книга ISBN 9789548933780
040 ## - Източник на каталожния запис
Идентификатор на билиотеката - собственик на записа BLK
041 ## - Код за език
Код за езика на текст/звукозапис или на отделно заглавие Български
Код за езика КДБФ Български
080 ## - УДК
Текстов определител УДК Информатика в основното училище
УДК код - определител по УДК 372.868.13
УДК определител (076)(075.2)
УДК - код + определител 372.868.13(076)(075.2)
100 ## - Редна дума - Автор
Автор Иванов, Ивайло Огнянов
R(LIN) 371594
139 ## - Редно поле
Редна дума Иванов, Ивайло Огнянов
Авторски знак Иванов - И 21
245 ## - Сведения за заглавието
Заглавие Информационни технологии VІ клас
Редно поле (дума) Ивайло Иванов, Людмила Попова, Пламен Петров
250 ## - Област на изданието
Сведения за изданието 2 издание
260 ## - Област на издателските данни
9 (RLIN) 210151
Място на издаване, разпространение и проч. София
Име на издателя, разпространителя и проч. Нова звезда
Година на издаване 2013
Печатница Дайрект Сървисиз
300 ## - Физическа характеристика
Страници 64 с.
Илюстрации и др. с цв. ил., табл.
Размери/Мащаб 29 см
380 ## - Жанр
Жанр Детска отраслова лит.
500 ## - Общи забележки
Забележка Загл. в изд. каре: Информационни технологии за 6 клас. - 1. изд. 2007
650 #7 - Допълнително описание по предмет – тема
9 (RLIN) 157506
Основно описание – тема или топоним Информационни технологии - учебници за основни училища
653 #7 - Ключова дума – ненормативна
9 (RLIN) 199109
Ключова дума учебници за основни училища
653 #7 - Ключова дума – ненормативна
9 (RLIN) 187779
Ключова дума информатика
653 #7 - Ключова дума – ненормативна
9 (RLIN) 180184
Ключова дума VІ кл.
700 ## - Други автори (авторска отговорност)
Лично име Попова, Людмила Тодорова
Автороска отговорност (Описва отношението между автора и произведението) съавт.
9 (RLIN) 1445
700 ## - Други автори (авторска отговорност)
9 (RLIN) 312791
Лично име Петров, Пламен Димитров
Автороска отговорност (Описва отношението между автора и произведението) съавт.
999 ## - СИСТЕМНИ КОНТРОЛНИ НОМЕРА
Koha biblionumber 333291
Koha biblioitemnumber 333291
942 ## - АРТИКУЛИ
Вид на библиотечния материал Книги
Скрит в OPAC Не
Периодичен библиозапис Да
944 ## - СЪЗДАВАНЕ И РЕДАКЦИЯ на ЗАПИСА
Създаване/Редакция Създаване
Дата на регистрацията/редакция 2019-07-29
Служител, извършил регистрацията/редакцията 30550
Статус, дата на статуса Кети Илиева
Наличности
Код за отписване Код за изгубен артикул Източник на класификационната схема Код за повреда Коз за рестрикции Код за отдаване Артикулен № Име на библиотеката - собственик Име на библиотеката, в която се намира в момента Статус (Текущо местоположение) Дата на вписване в системата Местоположение - отдел Цена в лева Инвентарен номер Систематично азбучна сигнатура Баркод Цена в евро Служебен тип на артикула
  Не е изгубен Universal Decimal Classification Не е повреден без рестрикции заемане за дома 731349 Регионална библиотека "Любен Каравелов" Русе Регионална библиотека "Любен Каравелов" Русе Детски отдел 2019-07-31 Детски отдел 7.90 120000835387 ДН 373.3.016/ И21 120000835387 4.04 Книги
Vip Innovations Ltd, Rousse, Bulgaria 2025